000
00229nam a2200097Ia 4500
008
230915s9999 xx 000 0 und d
050
_a
TS 156 .G 87
100
_a
GUPTA,R.C.
245
0
_a
STATISTICAL QUALITY CONTROL
942
_c
BK
999
_c
205790
_d
205790